000 00727nam a22002417a 4500
005 20230104143931.0
008 230104b ||||| |||| 00| 0 eng d
040 _cAL
041 _aEnglish
082 _223
_a150.1952
_bFREC
100 _aSigmund Freud
_968446
245 _aCivilization and Its Discontents
260 _aLondon
_bPenguin Books
_c2002
300 _a106 p.
_bPB
_c18x11 cm.
650 _aCivilization
_968447
650 _aPsychoanalysis and culture
_968448
650 _aSocial psychology
_968449
650 _aCivilization--Psychological aspects
_968450
650 _aPsychoanalysis and anthropology
_968451
650 _aPsychoanalysis
_968452
700 _aFREUD (Sigmund)
_968453
942 _2ddc
_cDB
999 _c226233
_d226233